Music Quiz

Random Music or Animal Quiz

Animal Bands Quiz Stats

 Plays Quiz Updated Sep 21, 2018

Score 0/30 Timer 07:00
2 Plays Today
Song Band % Correct
Hotel CaliforniaEagles
89.5%
YesterdayThe Beatles
79.5%
Daydream BelieverThe Monkees
62.7%
(Don't Fear) The ReaperBlue Öyster Cult
62.6%
Pour Some Sugar on MeDef Leppard
58.5%
Don't ChaPussycat Dolls
55%
Mr. JonesCounting Crows
54.4%
Here I Go AgainWhitesnake
51.5%
Float OnModest Mouse
46.9%
Rock You Like a HurricaneScorpions
46.3%
Born to Be WildSteppenwolf
45.5%
Turn! Turn! Turn!The Byrds
39.2%
I Ran (So Far Away)A Flock of Seagulls
39.1%
Happy TogetherThe Turtles
37.9%
Joy to the WorldThree Dog Night
37.3%
Song Band % Correct
Let Her CryHootie and the Blowfish
32.2%
Hard to HandleThe Black Crowes
29.8%
Round and RoundRatt
27.3%
Rock This TownStray Cats
25.8%
For What It's WorthBuffalo Springfield
22.8%
WomanWolfmother
20.1%
For Your LoveThe Yardbirds
18.3%
Hunger StrikeTemple Of The Dog
13.4%
Sell OutReel Big Fish
13.1%
When the Children CryWhite Lion
12.3%
Walk on the OceanToad the Wet Sprocket
8.6%
FreePhish
5.9%
Don't Forget Me (When I'm Gone)Glass Tiger
5.6%
Suits Are Picking Up the BillSquirrel Nut Zippers
2.2%
The Back of LoveEcho & the Bunnymen
1.9%

You're not logged in!

Compare scores with friends on all Sporcle quizzes.
OR
Log In

Sporcle TV

Today on Sporcle TV


Watch our educational content, quiz creation guides, and fun videos on Sporcle TV.

Show Comments

Extras

Top Quizzes Today


Score Distribution

Your Account Isn't Verified!

In order to create a playlist on Sporcle, you need to verify the email address you used during registration. Go to your Sporcle Settings to finish the process.

Report this User

Report this user for behavior that violates our Community Guidelines.

Details: